00377cam a2200157ua 45000010005000000080039000050400009000440820013000531000017000662450031000832500009001142600037001233000016001606530027001766530016002034191111220n ii |||gr||||Z||||||asm cMAIN a891.45131 aDutta, Uday,11aChuti galpacby Uday Dutta a1st. aJorhat:bAsam sahitya sabha,974. a86p:c23cm. aAssamese short stories aChuti galpa